00399nam a2200133Ia 450000500170000000800410001702000180005808200160007610000280009224500860012026000290020630000090023565000210024420260507161255.0240825s9999 xx 000 0 und d a9789391005382 a657.45bCOR aCorporate Professionals 0aCompendium on The insolvency and Bankruptcy Code, 2016c/ Corporate Professionals bCommercial Law Pubc2022 a1500 aLaw &Criminology